| 000 | 01166nac a22002291u 4500 | ||
|---|---|---|---|
| 008 | 101014s xxu||||| |||| 00| 0 ara d | ||
| 082 |
_a345.02 _bج ا ب |
||
| 100 | 1 |
_aجابر ، حسين عبد السلام _920411 |
|
| 245 |
_aالتقرير الطبي بإصابة المجنى عليع وأثره في الاثبات في الدعويين الجنائية والمدنية / _cحسين عبد السلام جابر |
||
| 260 |
_a[د . م] : _bدار نهضة القانون ، _c[د . ت]. |
||
| 300 |
_a239 ص ؛ _c24 سم. |
||
| 440 | _920418 | ||
| 490 | 0 |
_920421 _aمكتبة الاجراءات الجنائية |
|
| 500 | _aDonations - Bibliotheca Alexandrina | ||
| 504 | _aيحتوى على إرجاعات ببليوجرافية | ||
| 511 | _aCatalogued by: Sara | ||
| 650 |
_aالجنايات _921926 |
||
| 650 |
_aالبحث الجنائي _921928 |
||
| 650 |
_aالقانون الجنائي _921929 |
||
| 942 |
_cBB _k345.02 ج ا ب _2ddc |
||
| 999 |
_c6760 _d6760 |
||